Power of Illustration (Record no. 4588)

MARC details
000 -LEADER
fixed length control field 00309nam a22001457a 4500
005 - DATE AND TIME OF LATEST TRANSACTION
control field 20160629110830.0
008 - FIXED-LENGTH DATA ELEMENTS--GENERAL INFORMATION
fixed length control field 160629b xxu||||| |||| 00| 0 eng d
041 ## - LANGUAGE CODE
Language code of text/sound track or separate title eng
082 ## - DEWEY DECIMAL CLASSIFICATION NUMBER
Item number 10981
245 ## - TITLE STATEMENT
Title Power of Illustration
260 ## - PUBLICATION, DISTRIBUTION, ETC. (IMPRINT)
Name of publisher Wabcom
300 ## - PHYSICAL DESCRIPTION
Number of Pages 157
650 ## - SUBJECT ADDED ENTRY--TOPICAL TERM
Topical Term Management
942 ## - ADDED ENTRY ELEMENTS (KOHA)
Koha item type Books
Holdings
Lost status Damaged status Collection code Home library Current library Shelving location Date acquired Full call number Accession Number Koha item type
    CS/IT JRU Library JRU Library SHELF-51-I 29/06/2016 741.6 10981 Books